| 000 | 00344nam a22001097a 4500 | ||
|---|---|---|---|
| 008 | 150326b xxu||||| |||| 00| 0 eng d | ||
| 020 |
_a101292023589 _cAvailable |
||
| 082 |
_2Second Edition _a519.4SAU _b002815 |
||
| 245 |
_aNumerical Analysis _cSauer Timothy _hEnglish |
||
| 250 | _aPearson New International Edition | ||
| 260 |
_aEngland _bPearson _c2014 |
||
| 999 |
_c24758 _d24758 |
||